000 00681nam a2200277Ia 4500
005 20260324142752.0
008 008 260324s9999 xx 000 0 eng d
020 _a9781315036038
037 _aEBOOK
040 _aCRL
040 _beng
040 _cCRL
041 _2eng
041 _aeng
084 _qCRL
100 _aBruno Coppieters; Kris Deschouwer; Michael Waller
_91213175
245 0 _aSocial Democracy in a Post-communist Europe
260 _bTaylor and Francis
260 _c1994
365 _a
365 _b230
856 _uhttp://www.taylorfrancis.com/books/9781315036038
942 _cEBOOK
999 _c1817749
_d1817749